00475nam a2200169Ia 4500999001700000003000400017005001700021008004100038040000900079082001900088100004000107245004000147260004700187300000900234650001800243942004400261 c11557d11557OSt20201030111334.0190216s9999||||xx |||||||||||||| ||und|| coclc a891.441bTAG/G1 aTagore, Rabindranath938d1861-1941 4aThe Gardener /cRabindranath Tagore bMacmillan And Co Limited, c1966.aLondon: a150p aEnglish Drama cBK2ddch891.441iTAG/Gk891.441mTAG/G